[Event "13th Boris Kostic mem"]
[Site "Vrsac"]
[EventDate "1989.09.27"]
[Date "1989.10.04"]
[Round "7"]
[White "Vasiukov, Evgeny"]
[Black "Miralles, Gilles"]
[Result "0-1"]
[WhiteElo "2515"]
[BlackElo "2445"]
[PlyCount "126"]
[Source "Perpetual Check"]

1. e4 c5 2. Nf3 Nc6 3. Bb5 g6 4. O-O Bg7 5. Re1 Nf6 6. c3 a6 7. Bxc6 dxc6 8. d4
cxd4 9. cxd4 Bg4 10. Nbd2 O-O 11. h3 Bxf3 12. Nxf3 c5 13. e5 Nd7 14. Be3 cxd4
15. Qxd4 Nb8 16. Qh4 Nc6 17. e6 f6 18. Bc5 Qd5 19. b4 Rfd8 20. a3 a5 21. Rac1
axb4 22. axb4 Ra4 23. Kh2 b6 24. Rcd1 Qxc5 25. bxc5 Rxh4 26. Nxh4 bxc5 27.
Rxd8+ Nxd8 28. f4 f5 29. g4 Bf6 30. Kg3 fxg4 31. hxg4 Kg7 32. f5 c4 33. Nf3
gxf5 34. gxf5 Nc6 35. Kf4 c3 36. Rg1+ Kf8 37. Rg2 Nb4 38. Ne1 Bh4 39. Nc2 Nxc2
40. Rxc2 Bf6 41. Rg2 Bd4 42. Ke4 Bf6 43. Kd5 Bh8 44. Kc6 h5 45. Kd7 h4 46. Rh2
Bf6 47. Kd8 Kg7 48. Rg2+ Kh6 49. Rg6+ Kh5 50. Rxf6 c2 51. Kxe7 c1=Q 52. Rf8
Qc5+ 53. Ke8 Kg5 54. e7 Qc8+ 55. Kf7 Qxf5+ 56. Ke8 Qe6 57. Rf2 h3 58. Kf8 Qh6+
59. Kf7 Qg6+ 60. Kf8 Kh6 61. e8=N Qg3 62. Rf7 Qa3+ 63. Kg8 Qb3 0-1

[Event "13th Boris Kostic mem"]
[Site "Vrsac"]
[EventDate "1989.09.27"]
[Date "1989.10.04"]
[Round "7"]
[White "Kapelan, Milorad"]
[Black "Davies, Nigel"]
[Result "0-1"]
[WhiteElo "2295"]
[BlackElo "2465"]
[PlyCount "106"]
[Source "Perpetual Check"]

1. Nf3 g6 2. g3 Bg7 3. d4 c5 4. d5 Nf6 5. Bg2 O-O 6. O-O e6 7. c4 exd5 8. cxd5
d6 9. Nc3 Re8 10. Bf4 Na6 11. Nd2 Nh5 12. Be3 Nc7 13. a4 b6 14. Nc4 Ba6 15. Qb3
Qd7 16. Ne4 Bxc4 17. Qxc4 Bxb2 18. Rab1 Bg7 19. Rb3 Nf6 20. Nxf6+ Bxf6 21. Bf3
Rab8 22. Rfb1 Rb7 23. h4 Reb8 24. Bg4 Qd8 25. Bd2 Bd4 26. e3 Be5 27. f4 Bg7 28.
e4 Bd4+ 29. Kg2 Qe8 30. Bf3 a6 31. Ba5 b5 32. Qd3 Bg7 33. axb5 Nxb5 34. e5 dxe5
35. d6 Qc8 36. Qd5 c4 37. Rb4 Qf5 38. Bc7 Qc2+ 39. Kh3 exf4 40. Qxc4 Qf5+ 41.
Bg4 Qe5 42. Bxb8 Rxb8 43. Qxf4 Rd8 44. d7 h5 45. Bf3 Qe6+ 46. Kh2 Rxd7 47. Rd1
Qa2+ 48. Kh3 Qe6+ 49. Kh2 Be5 50. Qg5 Qa2+ 51. Kh3 Rxd1 52. Bxd1 Qd5 53. Bxh5
Qh1+ 0-1

[Event "13th Boris Kostic mem"]
[Site "Vrsac"]
[EventDate "1989.09.27"]
[Date "1989.10.04"]
[Round "7"]
[White "Cabrilo, Goran"]
[Black "Romanishin, Oleg"]
[Result "1/2-1/2"]
[WhiteElo "2510"]
[BlackElo "2515"]
[PlyCount "106"]
[Source "Perpetual Check"]

1. e4 e5 2. Nf3 Nc6 3. Bb5 a6 4. Ba4 Nf6 5. O-O Be7 6. Re1 b5 7. Bb3 d6 8. c3
O-O 9. h3 Na5 10. Bc2 c5 11. d4 Nc6 12. d5 Na5 13. b3 g6 14. Bh6 Re8 15. Nbd2
Bf8 16. Bg5 h6 17. Be3 Bg7 18. b4 Nb7 19. a4 Bd7 20. Nf1 Qc7 21. Qd2 Kh7 22.
Ng3 Rec8 23. axb5 Bxb5 24. Ba4 cxb4 25. cxb4 Bxa4 26. Rxa4 Qc4 27. Rea1 Nxe4
28. Nxe4 Qxe4 29. b5 Rc4 30. Rxa6 Rf8 31. Rc6 Rb4 32. b6 Rb5 33. Rd1 Na5 34.
Rc7 Nc4 35. Qe2 Nxe3 36. Qxb5 Nxd1 37. b7 Qf5 38. b8=Q Rxb8 39. Qxb8 e4 40. Qe8
exf3 41. Rxf7 Qxd5 42. Qe7 Qd4 43. Rxf3 Nc3 44. Rf7 d5 45. g3 Ne4 46. Kg2 Ng5
47. Rf4 Qe5 48. Qxe5 Bxe5 49. Ra4 Ne4 50. Ra7+ Kg8 51. f4 Bf6 52. Rd7 Nc3 53.
Kf3 Kf8 1/2-1/2

[Event "13th Boris Kostic mem"]
[Site "Vrsac"]
[EventDate "1989.09.27"]
[Date "1989.10.05"]
[Round "8"]
[White "Damljanovic, Branko"]
[Black "Romanishin, Oleg"]
[Result "1/2-1/2"]
[WhiteElo "2555"]
[BlackElo "2515"]
[PlyCount "48"]
[Source "Perpetual Check"]

1. Nf3 Nf6 2. c4 e6 3. g3 a6 4. Bg2 b5 5. b3 c5 6. O-O Bb7 7. Nc3 Qa5 8. Bb2
Be7 9. d3 O-O 10. Qd2 Qb6 11. e4 d6 12. Ne1 b4 13. Na4 Qc7 14. f4 Nc6 15. Nc2
e5 16. Ne3 Nd4 17. Bxd4 exd4 18. Nd5 Bxd5 19. cxd5 Ng4 20. Rfc1 a5 21. Nb2 Ne3
22. Nc4 Nxc4 23. Rxc4 Rfb8 24. Bf3 a4 1/2-1/2

[Event "13th Boris Kostic mem"]
[Site "Vrsac"]
[EventDate "1989.09.27"]
[Date "1989.10.05"]
[Round "8"]
[White "Davies, Nigel"]
[Black "Cabrilo, Goran"]
[Result "1/2-1/2"]
[WhiteElo "2465"]
[BlackElo "2510"]
[PlyCount "33"]
[Source "Perpetual Check"]

1. d4 Nf6 2. Nf3 g6 3. c4 Bg7 4. g3 O-O 5. Bg2 d6 6. Nc3 Nc6 7. O-O Bg4 8. h3
Bxf3 9. Bxf3 Nd7 10. e3 e5 11. dxe5 Ndxe5 12. Be2 Qd7 13. Kh2 Qd8 14. Bd2 a5
15. Nd5 Nd7 16. Bc3 Bxc3 17. Nxc3 1/2-1/2

[Event "13th Boris Kostic mem"]
[Site "Vrsac"]
[EventDate "1989.09.27"]
[Date "1989.10.05"]
[Round "8"]
[White "Miralles, Gilles"]
[Black "Kapelan, Milorad"]
[Result "1/2-1/2"]
[WhiteElo "2445"]
[BlackElo "2295"]
[PlyCount "49"]
[Source "Perpetual Check"]

1. c4 e6 2. Nf3 d5 3. b3 Nf6 4. g3 Be7 5. Bg2 O-O 6. Bb2 b6 7. O-O Bb7 8. e3
Nbd7 9. Nc3 c5 10. Qe2 Rc8 11. Rfd1 Qc7 12. Rac1 Qb8 13. d4 Qa8 14. Ne1 cxd4
15. exd4 Rfd8 16. Nc2 Bf8 17. Ne3 dxc4 18. Bxb7 Qxb7 19. bxc4 e5 20. dxe5 Nxe5
21. Ncd5 Nxd5 22. Nxd5 Ng6 23. f4 Ne7 24. Qe4 Nxd5 25. cxd5 1/2-1/2

[Event "13th Boris Kostic mem"]
[Site "Vrsac"]
[EventDate "1989.09.27"]
[Date "1989.10.05"]
[Round "8"]
[White "Cvitan, Ognjen"]
[Black "Vasiukov, Evgeny"]
[Result "1/2-1/2"]
[WhiteElo "2515"]
[BlackElo "2515"]
[PlyCount "29"]
[Source "Perpetual Check"]

1. d4 d5 2. c4 c6 3. Nc3 Nf6 4. e3 e6 5. Nf3 Nbd7 6. Bd3 dxc4 7. Bxc4 b5 8. Bd3
Bb7 9. e4 b4 10. Na4 c5 11. e5 Nd5 12. Nxc5 Bxc5 13. dxc5 Nxc5 14. Bb5+ Kf8 15.
O-O 1/2-1/2

[Event "13th Boris Kostic mem"]
[Site "Vrsac"]
[EventDate "1989.09.27"]
[Date "1989.10.05"]
[Round "8"]
[White "Popovic, Petar"]
[Black "Ivanovic, Bozidar"]
[Result "1-0"]
[WhiteElo "2550"]
[BlackElo "2545"]
[PlyCount "87"]
[Source "Perpetual Check"]

1. e4 c5 2. Nf3 Nc6 3. d4 cxd4 4. Nxd4 e5 5. Nb5 d6 6. c4 Be6 7. N1c3 a6 8. Na3
Rc8 9. Be3 Nf6 10. Be2 Be7 11. O-O O-O 12. Rc1 h6 13. Qd2 Ne8 14. Nc2 Bg5 15.
Rfd1 Bxe3 16. Qxe3 Qg5 17. Qg3 Qxg3 18. hxg3 g6 19. Nd5 Kg7 20. Rd2 f5 21. exf5
gxf5 22. Rcd1 Na5 23. b3 Nc6 24. f4 Kh7 25. Kh2 Kg7 26. Nde3 h5 27. Rf1 Ne7 28.
Nb4 e4 29. Rh1 Rh8 30. Kg1 Bf7 31. Kf2 Rc5 32. Nbc2 Bg6 33. Nd4 Kf7 34. g4 fxg4
35. Bxg4 Ng7 36. Bh3 h4 37. Ne2 Ne8 38. Bg4 Bh5 39. Rxh4 Ng6 40. Rh1 Nf6 41.
Bxh5 Rcxh5 42. Rxh5 Nxh5 43. g3 Ke7 44. Nf5+ 1-0

[Event "13th Boris Kostic mem"]
[Site "Vrsac"]
[EventDate "1989.09.27"]
[Date "1989.10.06"]
[Round "9"]
[White "Velimirovic, Dragoljub"]
[Black "Damljanovic, Branko"]
[Result "1/2-1/2"]
[WhiteElo "2535"]
[BlackElo "2555"]
[PlyCount "67"]
[Source "Perpetual Check"]

1. e4 c5 2. Nf3 Nc6 3. d4 cxd4 4. Nxd4 Nf6 5. Nc3 d6 6. Bc4 Qb6 7. Nb3 e6 8.
Bg5 Bd7 9. O-O Ne5 10. Be2 Be7 11. Be3 Qc7 12. f4 Nc4 13. Bxc4 Qxc4 14. e5 Ne4
15. exd6 Nxd6 16. Bc5 Nf5 17. Bxe7 Nxe7 18. Qd6 Nf5 19. Qa3 b5 20. Qc5 Qxc5+
21. Nxc5 Bc6 22. b4 Ne3 23. Rfc1 O-O 24. a4 bxa4 25. b5 Be8 26. N5xa4 Rc8 27.
Ra3 Nc4 28. Rb3 f5 29. Ne2 a6 30. Nac3 Bxb5 31. Nxb5 axb5 32. Rxb5 Rfd8 33. Kf2
Na3 34. Re5 1/2-1/2

[Event "13th Boris Kostic mem"]
[Site "Vrsac"]
[EventDate "1989.09.27"]
[Date "1989.10.06"]
[Round "9"]
[White "Ivanovic, Bozidar"]
[Black "Lalic, Bogdan"]
[Result "1/2-1/2"]
[WhiteElo "2545"]
[BlackElo "2500"]
[PlyCount "134"]
[Source "Perpetual Check"]

1. e4 e5 2. Nf3 Nc6 3. Bc4 Nf6 4. d3 Be7 5. O-O O-O 6. Bb3 d6 7. c3 Na5 8. Bc2
c5 9. Nbd2 Nc6 10. Re1 Re8 11. h3 h6 12. a4 Bf8 13. Nc4 Be6 14. Ne3 Qc7 15. Bb3
Na5 16. Bxe6 fxe6 17. b4 Nc6 18. bxc5 dxc5 19. Nc4 Rad8 20. Qe2 Nd7 21. a5 b5
22. axb6 axb6 23. Na3 Ra8 24. Bb2 Ra5 25. c4 Rea8 26. Nb5 Qd8 27. Bc3 Rxa1 28.
Rxa1 Rxa1+ 29. Bxa1 Qa8 30. Bc3 Nd4 31. Bxd4 exd4 32. g3 Be7 33. Kg2 Qa4 34.
Nh2 Ne5 35. Ng4 Nf7 36. f4 h5 37. Nf2 h4 38. Qg4 hxg3 39. Kxg3 Nd8 40. Kg2 Qa8
41. Qg6 Kf8 42. f5 Qc6 43. Ng4 exf5 44. Qxf5+ Kg8 45. Qd5+ Kh7 46. Qh5+ Kg8 47.
Ne5 Qf6 48. Ng4 Qf7 49. Qxf7+ Kxf7 50. Nc7 Nc6 51. Kf3 Bd8 52. Nd5 g5 53. e5
Ke6 54. Ke4 Na5 55. h4 gxh4 56. Nf4+ Kd7 57. e6+ Kd6 58. Nh6 Nc6 59. Nf5+ Kc7
60. Nd5+ Kb7 61. e7 Bxe7 62. Ndxe7 Nxe7 63. Nxe7 h3 64. Kf3 b5 65. cxb5 Kb6 66.
Ng6 Kxb5 67. Ne5 Kb4 1/2-1/2

[Event "13th Boris Kostic mem"]
[Site "Vrsac"]
[EventDate "1989.09.27"]
[Date "1989.10.06"]
[Round "9"]
[White "Vasiukov, Evgeny"]
[Black "Popovic, Petar"]
[Result "1-0"]
[WhiteElo "2515"]
[BlackElo "2550"]
[PlyCount "81"]
[Source "Perpetual Check"]

1. e4 c5 2. c3 e6 3. d4 d5 4. e5 Nc6 5. Nf3 Nge7 6. Bd3 cxd4 7. cxd4 Nf5 8.
Bxf5 exf5 9. Nc3 Be6 10. h4 Bb4 11. Bd2 Bxc3 12. bxc3 h6 13. Ng1 O-O 14. Ne2 f6
15. Nf4 Bf7 16. exf6 Qxf6 17. h5 Rfe8+ 18. Kf1 b5 19. a3 a5 20. g3 b4 21. Kg2
bxc3 22. Bxc3 a4 23. Rb1 Qe7 24. Rb6 Rec8 25. Bb2 Rab8 26. Rxb8 Rxb8 27. Re1
Qa7 28. Re2 Rb3 29. Qc2 Qd7 30. Qc5 Kh7 31. Bc3 Rb8 32. Re1 Kg8 33. Bd2 Kh7 34.
Rc1 Nd8 35. Qc2 Kg8 36. Bb4 Rb7 37. Kg1 Ne6 38. Qxf5 Nxf4 39. Rc8+ Be8 40. Qxd7
Rxd7 41. Rxe8+ 1-0

[Event "13th Boris Kostic mem"]
[Site "Vrsac"]
[EventDate "1989.09.27"]
[Date "1989.10.06"]
[Round "9"]
[White "Kapelan, Milorad"]
[Black "Cvitan, Ognjen"]
[Result "1/2-1/2"]
[WhiteElo "2295"]
[BlackElo "2515"]
[PlyCount "100"]
[Source "Perpetual Check"]

1. Nf3 Nf6 2. c4 g6 3. g3 Bg7 4. Bg2 O-O 5. O-O d5 6. d4 dxc4 7. Na3 c3 8. bxc3
c5 9. Ne5 Nc6 10. Nxc6 bxc6 11. Qa4 Nd5 12. Bb2 Rb8 13. Rab1 Rxb2 14. Rxb2 Nxc3
15. Qxa7 cxd4 16. Bxc6 Bg4 17. Re1 e5 18. Nb1 e4 19. Nxc3 dxc3 20. Rc2 Bf5 21.
e3 Qd3 22. Qa4 Rb8 23. Rec1 h5 24. h3 g5 25. Kg2 Bg6 26. Bb7 h4 27. g4 Be5 28.
Qc6 Qd8 29. Ba6 Kg7 30. Bc4 Rb6 31. Qc5 Qf6 32. Be2 Rc6 33. Qb5 Rb6 34. Qa5 Rb2
35. a4 Kh7 36. Qc5 Bd6 37. Qxc3 Qxc3 38. Rxc3 Rxe2 39. R3c2 Rxc2 40. Rxc2 Bb4
41. Rc4 Bd2 42. Rc5 f5 43. gxf5 Bh5 44. Kf1 Bf3 45. f6 g4 46. Rh5+ Kg6 47. f7
Kxf7 48. hxg4 Bxg4 49. Rxh4 Bf3 50. Rh6 Ke7 1/2-1/2

[Event "13th Boris Kostic mem"]
[Site "Vrsac"]
[EventDate "1989.09.27"]
[Date "1989.10.06"]
[Round "9"]
[White "Cabrilo, Goran"]
[Black "Miralles, Gilles"]
[Result "1/2-1/2"]
[WhiteElo "2510"]
[BlackElo "2445"]
[PlyCount "50"]
[Source "Perpetual Check"]

1. e4 c5 2. Nf3 Nc6 3. d4 cxd4 4. Nxd4 Nf6 5. Nc3 d6 6. Be2 e5 7. Nf3 h6 8. O-O
Be7 9. Re1 O-O 10. h3 Re8 11. Bf1 Bf8 12. b3 a6 13. Bb2 b5 14. Qd2 Rb8 15. a4
b4 16. Nd5 Nxd5 17. Qxd5 Na5 18. Qd3 Rb6 19. Nd2 Be6 20. Rac1 Qb8 21. Qg3 Rc8
22. Bd3 Rbc6 23. Nf1 Nb7 24. Ne3 Nc5 25. Rcd1 Nxd3 1/2-1/2

[Event "13th Boris Kostic mem"]
[Site "Vrsac"]
[EventDate "1989.09.27"]
[Date "1989.10.06"]
[Round "9"]
[White "Romanishin, Oleg"]
[Black "Davies, Nigel"]
[Result "1-0"]
[WhiteElo "2515"]
[BlackElo "2465"]
[PlyCount "75"]
[Source "Perpetual Check"]

1. e4 d6 2. Nc3 g6 3. f4 Bg7 4. Nf3 c5 5. Bb5+ Bd7 6. Bxd7+ Qxd7 7. O-O Nc6 8.
d3 Nf6 9. Kh1 O-O 10. Be3 b6 11. Bg1 e6 12. Qd2 Bh6 13. d4 cxd4 14. Nxd4 Rad8
15. Qe1 Bg7 16. Rd1 Qb7 17. f5 gxf5 18. exf5 e5 19. Nxc6 Qxc6 20. Rd3 Rfe8 21.
Qh4 d5 22. Rg3 Kf8 23. Qg5 Bh8 24. Re1 Re7 25. a4 a6 26. b4 Ke8 27. b5 axb5 28.
axb5 Qd6 29. Na4 d4 30. c3 Ra8 31. Nb2 Ra2 32. Nc4 Qc7 33. Nd2 dxc3 34. Ne4
Nxe4 35. Rxe4 Kd7 36. Qc1 c2 37. Qd2+ Kc8 38. Rg8+ 1-0

[Event "13th Boris Kostic mem"]
[Site "Vrsac"]
[EventDate "1989.09.27"]
[Date "1989.10.07"]
[Round "10"]
[White "Damljanovic, Branko"]
[Black "Davies, Nigel"]
[Result "1-0"]
[WhiteElo "2555"]
[BlackElo "2465"]
[PlyCount "65"]
[Source "Perpetual Check"]

1. Nf3 d6 2. d4 Bg4 3. e4 Nf6 4. Nc3 e6 5. h3 Bh5 6. Qe2 c6 7. g4 Bg6 8. h4 h5
9. g5 Nfd7 10. Bh3 Be7 11. Be3 d5 12. Nd2 Nb6 13. f4 dxe4 14. Ndxe4 Na6 15. O-O
Bxe4 16. Nxe4 g6 17. c4 O-O 18. Rad1 Nc8 19. d5 cxd5 20. cxd5 exd5 21. f5 Nb6
22. fxg6 fxg6 23. Be6+ Kh7 24. Rxf8 Qxf8 25. Rf1 dxe4 26. Rxf8 Rxf8 27. Qc2 Rf3
28. Bxb6 axb6 29. Qxe4 Bc5+ 30. Kg2 Rf2+ 31. Kg3 Nb4 32. Qxb7+ Kh8 33. Bf7 1-0

[Event "13th Boris Kostic mem"]
[Site "Vrsac"]
[EventDate "1989.09.27"]
[Date "1989.10.07"]
[Round "10"]
[White "Miralles, Gilles"]
[Black "Romanishin, Oleg"]
[Result "1-0"]
[WhiteElo "2445"]
[BlackElo "2515"]
[PlyCount "107"]
[Source "Perpetual Check"]

1. c4 e5 2. Nc3 Nf6 3. g3 d5 4. cxd5 Nxd5 5. Bg2 Nb6 6. Nf3 Nc6 7. O-O Be7 8.
a3 O-O 9. b4 Re8 10. d3 Bf8 11. Ng5 h6 12. Nge4 a5 13. b5 Nd4 14. e3 Ne6 15.
Ne2 a4 16. Bb2 Qd7 17. Bxe5 Qxb5 18. f4 Nd7 19. N2c3 Qa5 20. Qh5 Re7 21. d4 c6
22. f5 Nxe5 23. fxe6 Nc4 24. exf7+ Kh8 25. d5 Nxe3 26. Qg6 Ng4 27. Ng5 hxg5 28.
Ne4 Re5 29. Nxg5 Rxg5 30. Qxg5 Nh6 31. Rae1 Bd7 32. Qg6 cxd5 33. Re5 Ra6 34.
Qg5 Re6 35. Rxd5 Qb6+ 36. Kh1 Rd6 37. Rxd6 Qxd6 38. Qd8 b5 39. h3 b4 40. axb4
a3 41. b5 a2 42. b6 Nxf7 43. Qa8 Kh7 44. Rxf7 Qd1+ 45. Rf1 Qxf1+ 46. Bxf1 Bc6+
47. Qxc6 a1=Q 48. Kg2 Qb2+ 49. Kf3 Qb3+ 50. Kf2 Qb2+ 51. Ke3 Kg8 52. Bd3 Qe5+
53. Kf3 Bd6 54. Qc8+ 1-0

[Event "13th Boris Kostic mem"]
[Site "Vrsac"]
[EventDate "1989.09.27"]
[Date "1989.10.07"]
[Round "10"]
[White "Cvitan, Ognjen"]
[Black "Cabrilo, Goran"]
[Result "1/2-1/2"]
[WhiteElo "2515"]
[BlackElo "2510"]
[PlyCount "52"]
[Source "Perpetual Check"]

1. d4 Nf6 2. c4 c5 3. d5 g6 4. Nc3 Bg7 5. e4 O-O 6. Nf3 e6 7. Be2 d6 8. O-O Re8
9. Nd2 Na6 10. dxe6 Bxe6 11. Nb3 Qb6 12. Re1 Rad8 13. Bd2 Nb4 14. h3 Nd7 15.
Bg5 Rc8 16. Nb5 Bf8 17. a3 Nc6 18. a4 a6 19. a5 Nxa5 20. Rxa5 axb5 21. Rxb5 Qc7
22. Nd2 Ra8 23. Nf1 Ne5 24. Ne3 Nc6 25. Nc2 b6 26. Bf6 Bg7 1/2-1/2

[Event "13th Boris Kostic mem"]
[Site "Vrsac"]
[EventDate "1989.09.27"]
[Date "1989.10.07"]
[Round "10"]
[White "Popovic, Petar"]
[Black "Kapelan, Milorad"]
[Result "1-0"]
[WhiteElo "2550"]
[BlackElo "2295"]
[PlyCount "89"]
[Source "Perpetual Check"]

1. e4 e5 2. Nf3 Nf6 3. Nxe5 d6 4. Nf3 Nxe4 5. d4 d5 6. Bd3 Nc6 7. O-O Be7 8. c4
Nb4 9. Be2 dxc4 10. Bxc4 O-O 11. Nc3 Nxc3 12. bxc3 Nd5 13. Qd3 c6 14. Bb3 Re8
15. Ne5 Bf8 16. Bd2 Be6 17. Rae1 g6 18. Qf3 Bg7 19. h3 Rc8 20. Rd1 b5 21. Rfe1
Qc7 22. Rc1 Qd6 23. c4 bxc4 24. Nxc4 Qb8 25. Ne5 Qb6 26. Nxc6 Rxc6 27. Rxc6
Qxc6 28. Bxd5 Qc2 29. Be3 Rd8 30. Bxe6 fxe6 31. Rc1 Qxa2 32. Rc7 Rf8 33. Qb7
Qa1+ 34. Rc1 Qa2 35. Qe7 Rf7 36. Rc8+ Bf8 37. Qe8 g5 38. Rc6 Re7 39. Qh5 Qb1+
40. Rc1 Qe4 41. Rc8 h6 42. Qxh6 Rg7 43. Re8 g4 44. hxg4 Qxg4 45. Qxe6+ 1-0

[Event "13th Boris Kostic mem"]
[Site "Vrsac"]
[EventDate "1989.09.27"]
[Date "1989.10.07"]
[Round "10"]
[White "Lalic, Bogdan"]
[Black "Vasiukov, Evgeny"]
[Result "1/2-1/2"]
[WhiteElo "2500"]
[BlackElo "2515"]
[PlyCount "53"]
[Source "Perpetual Check"]

1. d4 Nf6 2. c4 g6 3. Nf3 Bg7 4. g3 O-O 5. Bg2 d6 6. O-O c6 7. Nc3 Nbd7 8. e4
e5 9. b3 exd4 10. Nxd4 Nc5 11. h3 Re8 12. Re1 a5 13. Rb1 h6 14. a3 Kh7 15. Bf4
a4 16. b4 Ne6 17. Nxe6 Bxe6 18. Bxd6 Bxc4 19. e5 Nd7 20. f4 f6 21. b5 cxb5 22.
Nxb5 Qb6+ 23. Qd4 Qxd4+ 24. Nxd4 fxe5 25. Rxb7 exd4 26. Rxe8 Rxe8 27. Rxd7
1/2-1/2

[Event "13th Boris Kostic mem"]
[Site "Vrsac"]
[EventDate "1989.09.27"]
[Date "1989.10.09"]
[Round "11"]
[White "Romanishin, Oleg"]
[Black "Cvitan, Ognjen"]
[Result "0-1"]
[WhiteElo "2515"]
[BlackElo "2515"]
[PlyCount "94"]
[Source "Perpetual Check"]

1. e4 c5 2. Nf3 e6 3. d3 Nc6 4. g3 d6 5. Bg2 Nf6 6. O-O Be7 7. Re1 Bd7 8. c3
Rc8 9. a3 O-O 10. b4 b6 11. Nbd2 a6 12. d4 cxd4 13. cxd4 b5 14. Nb3 Re8 15. d5
exd5 16. exd5 Nb8 17. Bb2 Bg4 18. h3 Bxf3 19. Qxf3 Nfd7 20. Na5 Bf6 21. Bxf6
Nxf6 22. Qf4 Qb6 23. Rxe8+ Rxe8 24. Rc1 h6 25. Nc6 Qc7 26. Nd4 Qd8 27. Nc6 Qc7
28. Nxb8 Qxb8 29. Rc6 Qa7 30. Rxd6 a5 31. Rc6 axb4 32. axb4 Qa1+ 33. Kh2 Qb2
34. Rb6 Re2 35. Qf5 Ne8 36. Rb8 g6 37. Qf4 Kg7 38. Kg1 Qa1+ 39. Kh2 Qa7 40. d6
Qxb8 41. d7 Nd6 42. Bf1 Re4 43. Qc1 f6 44. Qc6 Re7 45. h4 h5 46. Bh3 Nf7 47.
Bf1 Qa7 0-1

[Event "13th Boris Kostic mem"]
[Site "Vrsac"]
[EventDate "1989.09.27"]
[Date "1989.10.09"]
[Round "11"]
[White "Davies, Nigel"]
[Black "Miralles, Gilles"]
[Result "1/2-1/2"]
[WhiteElo "2465"]
[BlackElo "2445"]
[PlyCount "21"]
[Source "Perpetual Check"]

1. Nf3 c5 2. c4 b6 3. g3 Bb7 4. Bg2 g6 5. O-O Bg7 6. Nc3 Nf6 7. d4 cxd4 8. Qxd4
d6 9. Rd1 Nbd7 10. Be3 Rc8 11. b3 1/2-1/2